Dokumenty k dejinám štátu a práva na území ČSSR II. časť

Bibliographic Details
Main Authors: Sivák, Florián, 1932-1997 (Author), Klimko, Jozef, 1942-2021 (Author)
Format: Book
Language:Slovak
PhysicalDescription:135 s. 29 cm
Published: V Bratislave Univerzita Komenského 1977
Edition:2. nezm. vyd.
Series:Vysokoškolské skriptá
Subjects:

MARC

LEADER 00000nam a2200000 a 4500
001 vtls008162048
003 SK-MaSNL
005 20260302074031.0
008 240314s1977 xo d p 000 0 slo
020 |q (brož.) 
040 |a SNK  |b slo  |c SNK  |e AACR2 
041 0 |a slo 
044 |a xo  |c SK 
072 7 |a 321  |x Politológia  |2 konspekt 
080 |a 321:34  |2 MDT-MRF 
080 |a (437)  |2 MDT-MRF 
080 |a (075.8)  |2 MDT-MRF 
100 1 |a Sivák, Florián,  |d 1932-1997  |4 aut  |9 38328 
245 1 0 |a Dokumenty k dejinám štátu a práva na území ČSSR  |n II. časť  |c Florián Sivák a Jozef Klimko 
250 |a 2. nezm. vyd. 
260 |a V Bratislave  |b Univerzita Komenského  |c 1977 
300 |a 135 s.  |c 29 cm 
490 1 |a Vysokoškolské skriptá 
650 0 7 |a dejiny štátu a práva  |2 SNKPH  |9 254971 
651 7 |a Československo  |x dejiny  |2 SNKPH  |9 161432 
655 7 |a učebnice vysokých škôl  |2 SNKPH  |9 70191 
700 1 |a Klimko, Jozef,  |d 1942-2021  |4 aut  |9 210385 
752 |a Slovensko  |d Bratislava 
810 2 |a Univerzita Komenského v Bratislave.  |b Právnická fakulta  |t Vysokoškolské skriptá  |9 211589 
958 |a OND 
999 |c 1163350  |d 1165280 
952 |a SNK  |b SNK  |y PREZ  |7 0  |p 17A0885527  |o snkSB 25268/2  |0 0  |1 0  |4 0  |d 2012-07-25  |f 1  |l 0  |r 2025-03-27 00:00:00  |w 2026-02-24 
952 |a SNK  |b SNK  |y VYP  |7 0  |p 17A0474049  |o snkSB 25268/2 D1  |i snk2005/10910  |8 1  |0 0  |1 0  |4 0  |d 2005-06-22  |l 0  |r 2026-02-24 20:40:12  |w 2026-02-24